| 000 | 00650cam a2200193 a 4500 | ||
|---|---|---|---|
| 001 | 000001673 | ||
| 005 | 20200929145645.0 | ||
| 008 | 940329s1990 ck b 000 0 spa | ||
| 040 |
_aDO-SdBNP _bspa _cBNPHU |
||
| 082 |
_a342.03861 _bC758C, 1990 |
||
| 245 | 0 | 4 | _aUna constituyente para la Colombia del futuro. |
| 250 | _a2a ed. | ||
| 260 |
_aBogotá : _bFESCOL, _c1990. |
||
| 300 |
_a404 p. ; _c18 cm. |
||
| 504 | _aIncluye referencias bibliográficas. | ||
| 650 | 4 |
_aHistoria constitucional _zColombia _95439 |
|
| 650 | 4 |
_aReformas constitucionales _zColombia _95440 |
|
| 710 | 1 |
_aUniversidad de los Andes (Bogotá Colombia). _bPrograma Democracia. _95441 |
|
| 999 |
_c1554 _d1554 |
||